LEADER 01345nam a2200313 u 4500 001 000000035400 003 CaOOAMICUS 005 20070226112600.0 008 980224s1974 it u000 u ita u 035 $a10784130 040 $aPUL(R)$bita 041 0 $aita$afre$alat$ager$aspa 245 00$aSan Tommaso e l'odierna problematica teologica :$bsaggi. 260 $aRoma :$bCittà Nuova,$c1974. 300 $a346 p. ;$c24 cm 490 1 $aStudi tomistici ;$v2 500 $aBibliografia in nota. 500 $aPrefazione di Antonio Piolanti. 600 04$aThomas Aquinas,$cs.,$dc. 1225-1274$xFilosofia.$0(OLS)http://pul/subject/1465 650 4$aTomismo.$0(OLS)http://pul/subject/597 700 1 $aPiolanti, Antonio,$csac.,$d1911-2001.$0(OLS)http://pul/name/5746 710 2 $aPontificia Accademia di S. Tommaso e di religione cattolica (Roma).$0(OLS)http://pul/name/8389 830 0$aStudi tomistici ;$v2.$0(OLS)http://pul/title/3524 850 $aPUL 852 $aPUL$W1$xSL Filosofia 2$y80$mPhil A16 2$j48488$nBK-PRI$b $qStampati altre collocazioni$B48488$CPULBib$Z2$F48488 $H $81 941 1 $a10 961 $aINV: 39734 996 $6245$aSan Tommaso e l'odierna problematica teologica :$bsaggi$9(OLS)http://pul/title/48680 996 $6260$aRoma :$bCittà Nuova$9(OLS)http://pul/publisher/47927 LEADER 01639nam a2200301 a 4500 001 000000176518 003 CaOOAMICUS 005 20240123102615.0 006 a 000 u 008 240123s2023 it frm z000 u eng r 032 $aLibriCat 040 $aPUL$bita 100 1 $aKristiatmo, Thomas ,$csac.,$d1982-$0(OLS)http://pul/name/113435 245 10$aHistoricity, objectivity, and the Church :$ba systematic proposal based on a dialectical study of Avery Dulles' method of models employing the thought of Bernard Lonergan / $cThomas Kristiatmo. 260 $aRoma :$b[s.n.],$c2023. 300 $a137 p. ;$c24 cm 502 $aEstratto della Tesi di Dottorato -- Pontificia Università Gregoriana -- Facoltà di Teologia, 2023. 504 $aBibliografia: p. [117]-134. 600 14$aDulles, Avery Robert,$ccard.,$d1918-2008.$0(OLS)http://pul/subject/39935 600 14$aLonergan, Bernard Joseph Francis,$cS.I.,$d1904-1984$xCritica e interpretazione.$0(OLS)http://pul/subject/27742 650 4$aEcclesiologia$ySec. XX.$0(OLS)http://pul/subject/18902 710 2 $aPontificia Università Gregoriana.$bFacoltà di teologia.$kTesi.$0(OLS)http://pul/name/81592 850 $aPUL 852 $aPUL$W1$xDP1 Tesi Pon. Univ. Gregoriana$y40$m2023 B 9$j200428$qTesi$B205461$CPULBib$Z2$F205461 $82 941 1 $a16 996 $6245$aHistoricity, objectivity, and the Church :$ba systematic proposal based on a dialectical study of Avery Dulles' method of models employing the thought of Bernard Lonergan / $9(OLS)http://pul/title/218007 996 $6260$aRoma :$b[s.n.]$9(OLS)http://pul/publisher/47958